[Event "North Shore Open-A"]
[Site "Devonport"]
[Date "2015.09.19"]
[Round "3.1"]
[White "Ang, Alphaeus Wei Ern"]
[Black "Capel, Evan T"]
[Result "0-1"]
[WhiteElo "2165"]
[BlackElo "2270"]
[PlyCount "128"]
[EventDate "2015.09.20"]
[EventType "swiss"]
[EventRounds "5"]
[EventCountry "NZL"]
[SourceDate "2015.09.19"]

1. d4 Nf6 2. c4 c5 3. d5 b5 4. Qc2 bxc4 5. e4 d6 6. Bxc4 g6 7. Nf3 Bg7 8. O-O
O-O 9. h3 Ba6 10. Bf4 Bxc4 11. Qxc4 Nh5 12. Bc1 Nd7 13. Nc3 Rb8 14. g4 Nhf6 15.
Re1 h5 16. g5 Ne8 17. Qe2 Qa5 18. Qc2 Ne5 19. Nd2 c4 20. Kg2 Nd3 21. Rf1 Qa6
22. Nf3 Nc7 23. Ne1 Nxe1+ 24. Rxe1 Nb5 25. Be3 Rfc8 26. a4 Nxc3 27. bxc3 Rb3
28. Bd4 Bxd4 29. cxd4 Qb6 30. Red1 c3 31. e5 dxe5 32. Re1 Rb2 33. Qe4 Qxd4 34.
Qxd4 exd4 35. Rxe7 Rd8 36. Rae1 c2 37. d6 Rbb8 38. Rc7 Rb1 39. d7 Rxe1 40. Rc8
c1=Q 41. Rxd8+ Kh7 42. Rh8+ Kxh8 43. d8=Q+ Kh7 44. Qf6 Qc7 45. Qxd4 Qe5 46.
Qxa7 Qe4+ 47. f3 Re2+ 48. Qf2 Rxf2+ 49. Kxf2 Qc2+ 50. Ke3 Qxa4 51. f4 Qb3+ 52.
Ke4 Qxh3 53. Ke5 Qf5+ 54. Kd6 Qxf4+ 55. Ke7 Kg7 56. Ke8 h4 57. Ke7 h3 58. Ke8
h2 59. Ke7 h1=R 60. Ke8 Qe5+ 61. Kd7 Rd1+ 62. Kc8 Qc3+ 63. Kb8 Rb1+ 64. Ka8
Qa1# 0-1

[Event "North Shore Open-A"]
[Site "Devonport"]
[Date "2015.09.19"]
[Round "3.2"]
[White "Duneas, John"]
[Black "Gong, Daniel Hanwen"]
[Result "0-1"]
[WhiteElo "2181"]
[BlackElo "2128"]
[PlyCount "110"]
[EventDate "2015.09.20"]
[EventType "swiss"]
[EventRounds "5"]
[EventCountry "NZL"]
[SourceDate "2015.09.19"]

1. d4 Nf6 2. c4 g6 3. Nc3 Bg7 4. e4 d6 5. Be2 O-O 6. f4 c5 7. d5 e6 8. Nf3 exd5
9. cxd5 Re8 10. Qc2 Nxe4 11. Nxe4 Bf5 12. Nfg5 Qe7 13. Bf3 h6 14. g4 hxg5 15.
gxf5 gxf5 16. fxg5 fxe4 17. Be2 e3 18. Qf5 Qe5 19. Rf1 Qxf5 20. Rxf5 Nd7 21.
Bh5 Re7 22. Ke2 Rf8 23. Rb1 Bd4 24. b3 Kg7 25. Rf3 Rh8 26. Rh3 Nb6 27. Bg4 Rxh3
28. Bxh3 Nxd5 29. Kf3 Nc3 30. Ra1 Nd1 31. Rb1 e2 32. Bd2 e1=Q 33. Bxe1 Rxe1 34.
Bc8 Re3+ 35. Kg2 Nc3 36. Rf1 Re2+ 37. Kg3 b6 38. h4 Ne4+ 39. Kg4 Nd2 40. Rf5
Re5 41. h5 Rxf5 42. Kxf5 Nf3 43. Bb7 Ne5 44. Ke4 f6 45. g6 Ng4 46. Kd5 Be5 47.
Ke6 Nh6 48. Bf3 f5 49. Bc6 f4 50. Bf3 b5 51. Bc6 c4 52. Bxb5 c3 53. Bd3 f3 54.
Kd5 f2 55. Kc4 c2 0-1

[Event "North Shore Open-A"]
[Site "Devonport"]
[Date "2015.09.19"]
[Round "3.3"]
[White "Morrell, Gordon"]
[Black "Kulashko, Alexei"]
[Result "1/2-1/2"]
[WhiteElo "2092"]
[BlackElo "2133"]
[PlyCount "47"]
[EventDate "2015.09.20"]
[EventType "swiss"]
[EventRounds "5"]
[EventCountry "NZL"]
[SourceDate "2015.09.19"]

1. d4 Nf6 2. c4 c5 3. e3 g6 4. Nc3 Bg7 5. Nf3 O-O 6. Be2 cxd4 7. exd4 d5 8. O-O
Nc6 9. h3 Bf5 10. a3 Rc8 11. Re1 Na5 12. c5 Ne4 13. Bf4 Nxc3 14. bxc3 Nc4 15.
Bxc4 dxc4 16. Qe2 Qd5 17. Qxe7 Bxh3 18. Qh4 Bd7 19. Bd6 Rfe8 20. Ne5 Bc6 21. f3
h6 22. Ng4 h5 23. Nf6+ Bxf6 24. Qxf6 1/2-1/2

[Event "North Shore Open-A"]
[Site "Devonport"]
[Date "2015.09.19"]
[Round "1.4"]
[White "Gilmour, Mark"]
[Black "McLaren, Leonard J"]
[Result "0-1"]
[WhiteElo "1870"]
[BlackElo "2336"]
[PlyCount "50"]
[EventDate "2015.09.20"]
[EventType "swiss"]
[EventRounds "5"]
[EventCountry "NZL"]
[SourceDate "2015.09.19"]

1. d4 Nf6 2. c4 e6 3. Nf3 b6 4. g3 Ba6 5. Qc2 c5 6. Bg2 Nc6 7. Be3 Ng4 8. O-O
Nxe3 9. fxe3 Rc8 10. Nbd2 Be7 11. a3 O-O 12. Qa4 Nb8 13. Ne5 Bg5 14. Kh1 Bxe3
15. dxc5 Bxd2 16. Rad1 Rxc5 17. Rxd2 Rxe5 18. Rfd1 Qc8 19. b3 Ra5 20. Qb4 Bb7
21. e4 f5 22. Qd6 fxe4 23. b4 Raf5 24. c5 e3 25. Re2 Rf1+ 0-1

[Event "North Shore Open-A"]
[Site "Devonport"]
[Date "2015.09.19"]
[Round "1.5"]
[White "Hart, Ralph"]
[Black "Serrate, Michael"]
[Result "1-0"]
[WhiteElo "2253"]
[BlackElo "1822"]
[PlyCount "49"]
[EventDate "2015.09.20"]
[EventType "swiss"]
[EventRounds "5"]
[EventCountry "NZL"]
[SourceDate "2015.09.19"]

1. e4 b6 2. d4 Bb7 3. Nc3 Nf6 4. e5 Nd5 5. Nxd5 Bxd5 6. Nh3 e6 7. Nf4 Bb7 8.
Bd3 d5 9. O-O Ba6 10. Bxa6 Nxa6 11. c4 Nb4 12. a3 Nc6 13. cxd5 exd5 14. e6 Qd6
15. exf7+ Kxf7 16. Re1 Re8 17. Rxe8 Kxe8 18. Be3 Ne7 19. Qa4+ c6 20. Qxa7 Nc8
21. Qa8 Kd7 22. Nd3 Qc7 23. Ne5+ Ke6 24. Rc1 c5 25. Nd3 1-0

[Event "North Shore Open-A"]
[Site "Devonport"]
[Date "2015.09.19"]
[Round "3.6"]
[White "Krstev, Antonio"]
[Black "Lyall, Simon"]
[Result "0-1"]
[WhiteElo "2133"]
[BlackElo "1808"]
[PlyCount "50"]
[EventDate "2015.09.20"]
[EventType "swiss"]
[EventRounds "5"]
[EventCountry "NZL"]
[SourceDate "2015.09.19"]

1. d4 d5 2. c4 c6 3. Nc3 Nf6 4. Nf3 dxc4 5. a4 Bf5 6. Ne5 Nbd7 7. Nxc4 Nb6 8.
e3 e6 9. a5 Nxc4 10. Bxc4 Bb4 11. a6 b5 12. Be2 O-O 13. O-O Rb8 14. Qb3 Bd6 15.
f3 Bg6 16. e4 Bc7 17. d5 exd5 18. exd5 b4 19. Na4 Qxd5 20. Bc4 Qe5 21. g3 Qf5
22. Be3 Qh3 23. Bf2 Ng4 24. Bxf7+ Kh8 25. fxg4 Be4 0-1

[Event "North Shore Open-A"]
[Site "Devonport"]
[Date "2015.09.19"]
[Round "3.7"]
[White "Fan, Allen Chi Zhou"]
[Black "Zhang, Jasmine Haomao"]
[Result "1-0"]
[WhiteElo "2017"]
[BlackElo "1769"]
[PlyCount "105"]
[EventDate "2015.09.20"]
[EventType "swiss"]
[EventRounds "5"]
[EventCountry "NZL"]
[SourceDate "2015.09.19"]

1. Nf3 d5 2. c4 d4 3. b4 f6 4. Bb2 e5 5. c5 Be6 6. Qc2 a5 7. a3 axb4 8. axb4
Rxa1 9. Bxa1 Na6 10. e3 dxe3 11. fxe3 Nxb4 12. Qa4+ Nc6 13. Bb5 Nge7 14. d4
exd4 15. exd4 Kf7 16. O-O h6 17. Nbd2 Bd5 18. Bc4 Bxc4 19. Nxc4 Ng6 20. Qb3 Kg8
21. Nce5+ Kh7 22. Nf7 Qa8 23. Nxh8 Kxh8 24. Qf7 Nce7 25. Qb3 Nc6 26. Rb1 Nd8
27. Qd3 Ne7 28. Kh1 Nd5 29. Nh4 Kg8 30. Nf5 c6 31. Qg3 Kh7 32. Nh4 Kg8 33. Qg6
Qa2 34. Bb2 Ne6 35. Qe4 Ng5 36. Qd3 Ne6 37. h3 Nec7 38. Bc1 Qf2 39. Nf3 Nb5 40.
Bd2 Qg3 41. Be1 Qc7 42. Bd2 Qg3 43. Qe2 Qg6 44. Ra1 Ndc7 45. Bf4 Nd5 46. Bh2
Kh7 47. Ra8 Qb1+ 48. Bg1 Be7 49. Qe6 Nbc7 50. Qg8+ Kg6 51. Nh4+ Kh5 52. Qxg7
Nxa8 53. Qg4# 1-0

[Event "North Shore Open-A"]
[Site "Devonport"]
[Date "2015.09.19"]
[Round "3.8"]
[White "Zhang, Leo"]
[Black "Mukkattu, Philip"]
[Result "1-0"]
[WhiteElo "2089"]
[BlackElo "1767"]
[PlyCount "71"]
[EventDate "2015.09.20"]
[EventType "swiss"]
[EventRounds "5"]
[EventCountry "NZL"]
[SourceDate "2015.09.19"]

1. d4 d5 2. c4 c6 3. Nf3 Nf6 4. Nc3 e6 5. Bg5 Be7 6. cxd5 cxd5 7. e3 a6 8. Bd3
h6 9. Bh4 Nc6 10. O-O O-O 11. a3 Nh7 12. Bxe7 Qxe7 13. Ne5 Rd8 14. Nxc6 bxc6
15. Na4 e5 16. dxe5 Qxe5 17. b4 Nf6 18. Nb6 Ra7 19. Nxc8 Rxc8 20. Rc1 Rcc7 21.
Rc2 a5 22. b5 cxb5 23. Bxb5 Rxc2 24. Qxc2 Rc7 25. Qa4 Qc3 26. h3 Ne4 27. g3 Rc5
28. Kg2 Qb2 29. Bd3 g6 30. Qe8+ Kg7 31. a4 Qb4 32. Qe5+ Kg8 33. Rb1 Qc3 34.
Rb8+ Rc8 35. Qxc3 Nxc3 36. Rxc8+ 1-0

[Event "North Shore Open-A"]
[Site "Devonport"]
[Date "2015.09.19"]
[Round "3.9"]
[White "Post, Martin J"]
[Black "Lim, Benjamin U"]
[Result "1-0"]
[WhiteElo "1918"]
[BlackElo "2080"]
[PlyCount "89"]
[EventDate "2015.09.20"]
[EventType "swiss"]
[EventRounds "5"]
[EventCountry "NZL"]
[SourceDate "2015.09.19"]

1. Nf3 Nf6 2. g3 g6 3. Bg2 Bg7 4. O-O O-O 5. c4 d6 6. d4 Nc6 7. Nc3 e5 8. d5
Ne7 9. e4 a5 10. b3 Bd7 11. Re1 Qc8 12. c5 Ne8 13. Be3 f5 14. Rc1 Qd8 15. Qd2
Nf6 16. Ng5 Ng4 17. Ne6 Bxe6 18. dxe6 Nxe3 19. Qxe3 f4 20. Qd3 f3 21. Bh3 dxc5
22. Nd5 c6 23. Nxe7+ Qxe7 24. Qc4 b6 25. Red1 Kh8 26. Rd7 Qg5 27. Rcd1 Bf6 28.
Rc7 Rad8 29. Rdd7 Rxd7 30. exd7 Qd2 31. Qe6 Bg7 32. Rc8 Qc1+ 33. Bf1 Qg5 34.
Qd6 Rd8 35. Rxd8+ Qxd8 36. Qxc6 Bf6 37. Bc4 Kg7 38. Qe6 Qe7 39. Qc6 Qd8 40. Qc8
h5 41. Qc6 Kh6 42. Qe6 Bg7 43. Qe8 Bf6 44. Bf7 Qe7 45. Qg8 1-0

[Event "North Shore Open-A"]
[Site "Devonport"]
[Date "2015.09.20"]
[Round "4.1"]
[White "Capel, Evan T"]
[Black "Gong, Daniel Hanwen"]
[Result "1-0"]
[WhiteElo "2270"]
[BlackElo "2128"]
[PlyCount "75"]
[EventDate "2015.09.20"]
[EventType "swiss"]
[EventRounds "5"]
[EventCountry "NZL"]
[SourceDate "2015.09.19"]

1. Nf3 c5 2. c4 Nf6 3. Nc3 g6 4. d4 cxd4 5. Nxd4 Bg7 6. g3 O-O 7. Bg2 Nc6 8.
O-O Nxd4 9. Qxd4 d6 10. Rd1 Be6 11. Bd2 Rc8 12. Qxa7 Bxc4 13. Qxb7 Nd7 14. Qe4
f5 15. Qh4 Nf6 16. Bh6 Bf7 17. Bxg7 Kxg7 18. Qd4 Rc4 19. Qd2 Qb6 20. b3 Rc7 21.
Rac1 Rfc8 22. Na4 Qa7 23. Rxc7 Qxc7 24. Nb2 Qc2 25. Nd3 Nd5 26. Qxc2 Rxc2 27.
Bxd5 Bxd5 28. Nb4 Rxe2 29. Rxd5 Kf6 30. Kf1 Rb2 31. Ke1 g5 32. Rd2 Rb1+ 33. Ke2
Rh1 34. a4 Ra1 35. Ra2 Rb1 36. a5 Rxb3 37. a6 Rxb4 38. a7 1-0

[Event "North Shore Open-A"]
[Site "Devonport"]
[Date "2015.09.20"]
[Round "4.2"]
[White "Kulashko, Alexei"]
[Black "Duneas, John"]
[Result "1-0"]
[WhiteElo "2133"]
[BlackElo "2181"]
[PlyCount "95"]
[EventDate "2015.09.20"]
[EventType "swiss"]
[EventRounds "5"]
[EventCountry "NZL"]
[SourceDate "2015.09.19"]

1. c4 Nf6 2. Nc3 d5 3. cxd5 Nxd5 4. g3 g6 5. Bg2 Nxc3 6. bxc3 Bg7 7. Nf3 O-O 8.
O-O c5 9. d4 Qa5 10. Bd2 Nc6 11. Qb3 Qa6 12. e3 Be6 13. d5 c4 14. Qc2 Bxd5 15.
e4 Be6 16. Ng5 Bd7 17. f4 Bg4 18. Rae1 h6 19. h3 Bd7 20. Nf3 e6 21. g4 Qa5 22.
e5 Ne7 23. Nd4 Bc6 24. Nxc6 Nxc6 25. Be3 Rac8 26. Rd1 Rfd8 27. Be4 Kh8 28. Kh1
Qc7 29. h4 Qe7 30. Qf2 b6 31. Rxd8+ Qxd8 32. Kg2 Qc7 33. Qf3 Ne7 34. Rd1 Rd8
35. Bd4 Qd7 36. Qe2 Nd5 37. Rf1 Qc7 38. Qf3 b5 39. f5 Bxe5 40. Bxd5 exd5 41.
fxg6 fxg6 42. Qf4 Re8 43. Qxh6+ Qh7 44. Rf8+ Rxf8 45. Qxf8+ Qg8 46. Bxe5+ Kh7
47. Qe7+ Kh6 48. Bf4+ 1-0

[Event "North Shore Open-A"]
[Site "Devonport"]
[Date "2015.09.20"]
[Round "4.3"]
[White "McLaren, Leonard J"]
[Black "Fan, Allen Chi Zhou"]
[Result "1-0"]
[WhiteElo "2336"]
[BlackElo "2017"]
[PlyCount "65"]
[EventDate "2015.09.20"]
[EventType "swiss"]
[EventRounds "5"]
[EventCountry "NZL"]
[SourceDate "2015.09.19"]

1. e4 c5 2. c3 Nf6 3. e5 Nd5 4. d4 cxd4 5. cxd4 d6 6. Nf3 Bg4 7. h3 Bh5 8. Qb3
Nb6 9. Bb5+ N8d7 10. e6 fxe6 11. O-O h6 12. Re1 Bf7 13. Nc3 e5 14. Qc2 exd4 15.
Nxd4 a6 16. Bd3 Ne5 17. Be4 Qd7 18. f4 Nc6 19. Bf5 Qc7 20. Ne6 Bxe6 21. Bxe6
Nd4 22. Qg6+ Kd8 23. Be3 Nxe6 24. Qxe6 h5 25. f5 Nd7 26. Nd5 Qc8 27. Rac1 Nc5
28. Bxc5 dxc5 29. Qb6+ Kd7 30. Rxc5 Qb8 31. Qe6+ Kd8 32. Nxe7 Bxe7 33. Qxe7#
1-0

[Event "North Shore Open-A"]
[Site "Devonport"]
[Date "2015.09.20"]
[Round "4.4"]
[White "Hart, Ralph"]
[Black "Ang, Alphaeus Wei Ern"]
[Result "0-1"]
[WhiteElo "2253"]
[BlackElo "2165"]
[PlyCount "76"]
[EventDate "2015.09.20"]
[EventType "swiss"]
[EventRounds "5"]
[EventCountry "NZL"]
[SourceDate "2015.09.19"]

1. e4 Nc6 2. Nf3 f5 3. exf5 d5 4. b4 Nxb4 5. Nd4 Nf6 6. Be2 g6 7. fxg6 hxg6 8.
c3 Nc6 9. Qc2 Kf7 10. Nxc6 bxc6 11. d4 Bf5 12. Bd3 Bxd3 13. Qxd3 Qd6 14. Ba3
Qe6+ 15. Qe2 Bh6 16. Qxe6+ Kxe6 17. O-O Rh7 18. Re1+ Kd7 19. Bc1 Bxc1 20. Rxc1
Rah8 21. h3 g5 22. f3 g4 23. fxg4 Nxg4 24. Nd2 Ne3 25. Nf1 Nf5 26. Rc2 Rg8 27.
Re1 Rxh3 28. Ree2 Nd6 29. Re3 Rxe3 30. Nxe3 Rg3 31. Nf1 Rd3 32. Nh2 Ne4 33. Nf3
Rxc3 34. Rb2 c5 35. Kh2 cxd4 36. Nxd4 e5 37. Nf3 Kd6 38. Rb7 d4 0-1

[Event "North Shore Open-A"]
[Site "Devonport"]
[Date "2015.09.20"]
[Round "4.5"]
[White "Milligan, Helen"]
[Black "Morrell, Gordon"]
[Result "1/2-1/2"]
[WhiteElo "2092"]
[BlackElo "2092"]
[PlyCount "81"]
[EventDate "2015.09.20"]
[EventRounds "5"]
[EventCountry "NZL"]
[SourceDate "2015.09.19"]

1. e4 c5 2. Nf3 e6 3. d4 cxd4 4. Nxd4 Nc6 5. Be3 Qc7 6. Nc3 a6 7. Bd3 b5 8. O-O
Bb7 9. f4 Nxd4 10. Bxd4 Bc5 11. Bxc5 Qxc5+ 12. Kh1 b4 13. Na4 Qc6 14. c3 f5 15.
cxb4 fxe4 16. Be2 Nf6 17. Rc1 Qd5 18. Nc5 Bc8 19. Qc2 Qf5 20. a4 O-O 21. Nb3
Bb7 22. Nd4 Qd5 23. Rcd1 Rac8 24. Qb1 Qd6 25. b5 a5 26. Nf5 Qb4 27. Nd6 Rc7 28.
Nxb7 Rxb7 29. Qa2 Rc7 30. f5 Rc2 31. Rde1 Rxb2 32. Qa1 exf5 33. Rxf5 d5 34. h3
d4 35. Qd1 d3 36. Bf1 Rc8 37. Rxf6 gxf6 38. Qg4+ Kf7 39. Qd7+ Kg6 40. Qg4+ Kh6
41. Qh4+ 1/2-1/2

[Event "North Shore Open-A"]
[Site "Devonport"]
[Date "2015.09.20"]
[Round "4.6"]
[White "Runcan, Daniel I"]
[Black "Lyall, Simon"]
[Result "1/2-1/2"]
[WhiteElo "1973"]
[BlackElo "1808"]
[PlyCount "53"]
[EventDate "2015.09.20"]
[EventType "swiss"]
[EventRounds "5"]
[EventCountry "NZL"]
[SourceDate "2015.09.19"]

1. e4 e5 2. Nf3 Nf6 3. Nxe5 d6 4. Nf3 Nxe4 5. Nc3 Nxc3 6. dxc3 Be7 7. Be3 Nc6
8. Qd2 O-O 9. O-O-O Bg4 10. Be2 a5 11. h4 Bh5 12. Ng5 Bxe2 13. Qxe2 h6 14. Qh5
Qd7 15. Nf3 Qe6 16. g4 Qg6 17. Qd5 Qe6 18. g5 Qxd5 19. Rxd5 h5 20. Rg1 g6 21.
a4 b6 22. Bd4 Rae8 23. Kd1 Bd8 24. Be3 Re4 25. Rh1 Rxa4 26. Re1 Re8 27. Kd2
1/2-1/2

[Event "North Shore Open-A"]
[Site "Devonport"]
[Date "2015.09.20"]
[Round "4.8"]
[White "Post, Martin J"]
[Black "Riding, Christopher L"]
[Result "1-0"]
[WhiteElo "1918"]
[BlackElo "1824"]
[PlyCount "123"]
[EventDate "2015.09.20"]
[EventType "swiss"]
[EventRounds "5"]
[EventCountry "NZL"]
[SourceDate "2015.09.19"]

1. g3 Nf6 2. Nf3 c5 3. Bg2 Nc6 4. O-O g6 5. c4 Bg7 6. Nc3 O-O 7. e3 d6 8. d4
Bg4 9. h3 Bxf3 10. Bxf3 Qd7 11. Bg2 Rad8 12. b3 e6 13. Bb2 Ne7 14. Qc2 Nf5 15.
dxc5 dxc5 16. Rad1 Qc7 17. Nb5 Qb8 18. e4 Ne7 19. f4 a6 20. Be5 Qc8 21. Nd6 Qa8
22. Bxf6 Bxf6 23. e5 Bg7 24. Nxb7 Rxd1 25. Rxd1 Qb8 26. Nxc5 Qa7 27. Qf2 Nf5
28. Nd7 Qxf2+ 29. Kxf2 Rd8 30. Bf3 f6 31. exf6 Bf8 32. f7+ Kg7 33. Nxf8 Rxf8
34. g4 Ne7 35. Rd6 Rxf7 36. Rxe6 a5 37. c5 Kf8 38. Kg3 Ke8 39. Bd5 Rg7 40. Bc4
Kd7 41. Ra6 h5 42. Bb5+ Kc7 43. Ra7+ Kb8 44. Rxa5 Nd5 45. Bc6 Nc7 46. Ra4 Re7
47. Re4 Rg7 48. a4 hxg4 49. hxg4 Rh7 50. b4 Rh1 51. Re8+ Nxe8 52. Bxh1 Nc7 53.
f5 gxf5 54. gxf5 Ne8 55. b5 Nf6 56. a5 Ka7 57. c6 Ne8 58. Bd5 Nd6 59. b6+ Kb8
60. Kf4 Nb7 61. c7+ Kc8 62. Be6# 1-0

[Event "North Shore Open-A"]
[Site "Devonport"]
[Date "2015.09.20"]
[Round "4.9"]
[White "Serrate, Michael"]
[Black "Krstev, Antonio"]
[Result "1-0"]
[WhiteElo "1822"]
[BlackElo "2133"]
[PlyCount "123"]
[EventDate "2015.09.20"]
[EventType "swiss"]
[EventRounds "5"]
[EventCountry "NZL"]
[SourceDate "2015.09.19"]

1. e4 d6 2. d4 Nf6 3. Bd3 e5 4. Nf3 Nc6 5. c3 g6 6. d5 Ne7 7. Bg5 Bg7 8. Qa4+
c6 9. c4 O-O 10. Nc3 h6 11. Bxf6 Bxf6 12. O-O Bg7 13. Nd2 f5 14. Rad1 c5 15. b4
cxb4 16. Qxb4 b6 17. Nb5 Rf6 18. f4 exf4 19. exf5 a6 20. Nxd6 Rxd6 21. Ne4 Bd4+
22. Kh1 Bc5 23. Qc3 Nxf5 24. Nxd6 Qxd6 25. Rde1 Bb4 26. Re8+ Kf7 27. Qh8 Bc5
28. Qg8+ Kf6 29. Bxf5 Bxf5 30. Rxa8 Bd3 31. Re1 Be3 32. Qf8+ Qxf8 33. Rxf8+ Ke5
34. Re8+ Kd6 35. Re6+ Kd7 36. R1xe3 fxe3 37. Kg1 Bxc4 38. Rxb6 Bxa2 39. Rxa6
Bb1 40. h4 h5 41. Rb6 Be4 42. g3 Bxd5 43. Rxg6 Bf3 44. Kf1 Ke7 45. Ke1 Kf7 46.
Rb6 Bg4 47. Rb3 Kf6 48. Rxe3 Kf5 49. Kf2 Bd1 50. Re8 Kg4 51. Rf8 Kh3 52. Rg8
Kh2 53. Ke3 Kh3 54. Kf4 Be2 55. Rh8 Bd1 56. Kg5 Kxg3 57. Rxh5 Kf3 58. Rh8 Bc2
59. h5 Ke4 60. h6 Ke5 61. Re8+ Kd6 62. Kf6 1-0

[Event "North Shore Open-A"]
[Site "Devonport"]
[Date "2015.09.20"]
[Round "4.10"]
[White "Gilmour, Mark"]
[Black "Kumar, Vinod"]
[Result "0-1"]
[WhiteElo "1870"]
[BlackElo "2091"]
[PlyCount "58"]
[EventDate "2015.09.20"]
[EventType "swiss"]
[EventRounds "5"]
[EventCountry "NZL"]
[SourceDate "2015.09.19"]

1. d4 Nf6 2. c4 c5 3. d5 b5 4. Qc2 g6 5. e4 bxc4 6. Bxc4 d6 7. Bd2 Bg7 8. Bc3
O-O 9. Ne2 Nbd7 10. O-O Nb6 11. Nd2 Bd7 12. f3 Na4 13. Bb3 Nxc3 14. Nxc3 Qc7
15. Ba4 Rfb8 16. Bxd7 Nxd7 17. Rab1 Rb4 18. b3 Rab8 19. Na4 Ne5 20. Nb2 a5 21.
Nbc4 Qa7 22. f4 Nxc4 23. bxc4 Rb2 24. Qd3 Rxa2 25. Rxb8+ Qxb8 26. Rb1 Rb2 27.
Kf1 a4 28. Ke1 Qb4 29. Kd1 Rxd2+ 0-1

[Event "North Shore Open-A"]
[Site "Devonport"]
[Date "2015.09.20"]
[Round "4.11"]
[White "Zhang, Jasmine Haomao"]
[Black "Johns, Daniel P"]
[Result "1/2-1/2"]
[WhiteElo "1769"]
[BlackElo "1987"]
[PlyCount "76"]
[EventDate "2015.09.20"]
[EventType "swiss"]
[EventRounds "5"]
[EventCountry "NZL"]
[SourceDate "2015.09.19"]

1. d4 Nf6 2. c4 e6 3. Nc3 d5 4. Bf4 c6 5. e3 Bd6 6. Bg3 O-O 7. Nf3 Bb4 8. Qc2
Nbd7 9. Bd3 Re8 10. O-O Nf8 11. a3 dxc4 12. Bxc4 Bd6 13. Bd3 Ng6 14. Rfd1 Bxg3
15. hxg3 Qc7 16. Rac1 Nd5 17. b4 a6 18. Na4 Nb6 19. Nc5 Nd7 20. Kf1 Nxc5 21.
Qxc5 Qe7 22. Ke2 Qxc5 23. Rxc5 Bd7 24. Rh1 Nf8 25. Ne5 Red8 26. Be4 f6 27. Nf3
Be8 28. Rc2 Bg6 29. Bxg6 Nxg6 30. Nd2 e5 31. dxe5 Nxe5 32. Rc3 a5 33. Rb1 Rd7
34. Ne4 axb4 35. Rxb4 Rc7 36. Nd6 Rb8 37. Nb5 Rcc8 38. Nd6 Rc7 1/2-1/2

[Event "North Shore Open-A"]
[Site "Devonport"]
[Date "2015.09.20"]
[Round "4.12"]
[White "Mukkattu, Philip"]
[Black "Cooper, Nigel M"]
[Result "1-0"]
[WhiteElo "1767"]
[BlackElo "1876"]
[PlyCount "53"]
[EventDate "2015.09.20"]
[EventType "swiss"]
[EventRounds "5"]
[EventCountry "NZL"]
[SourceDate "2015.09.19"]

1. d4 d5 2. c4 c6 3. Nc3 e6 4. e4 dxe4 5. Nxe4 Bb4+ 6. Nc3 Nf6 7. a3 Bxc3+ 8.
bxc3 O-O 9. Nf3 Nbd7 10. Bd3 Qa5 11. Qc2 c5 12. O-O b6 13. Ng5 g6 14. Nxe6 fxe6
15. Bh6 Kf7 16. Be4 Nxe4 17. Qxe4 Ba6 18. d5 e5 19. Qg4 Rfe8 20. Qxd7+ Re7 21.
Qc6 Bb7 22. Qd6 Rae8 23. Bg5 Qxc3 24. Bxe7 Rxe7 25. f4 Qd4+ 26. Kh1 exf4 27.
Rxf4+ 1-0

[Event "North Shore Open-A"]
[Site "Devonport"]
[Date "2015.09.20"]
[Round "5.1"]
[White "Kulashko, Alexei"]
[Black "Capel, Evan T"]
[Result "1/2-1/2"]
[WhiteElo "2133"]
[BlackElo "2270"]
[PlyCount "40"]
[EventDate "2015.09.20"]
[EventType "swiss"]
[EventRounds "5"]
[EventCountry "NZL"]
[SourceDate "2015.09.19"]

1. b3 Nf6 2. Bb2 d5 3. e3 g6 4. Bxf6 exf6 5. d4 Bg7 6. g3 O-O 7. Bg2 Bf5 8. Ne2
Be4 9. O-O Bxg2 10. Kxg2 f5 11. Nf4 h5 12. h4 Qd6 13. Nc3 c6 14. Na4 Nd7 15.
Rb1 b5 16. Nb2 Nf6 17. c3 Ne4 18. Ne2 a5 19. a4 Rab8 20. Qc2 Rfc8 1/2-1/2

[Event "North Shore Open-A"]
[Site "Devonport"]
[Date "2015.09.20"]
[Round "5.2"]
[White "Gong, Daniel Hanwen"]
[Black "McLaren, Leonard J"]
[Result "0-1"]
[WhiteElo "2128"]
[BlackElo "2336"]
[PlyCount "80"]
[EventDate "2015.09.20"]
[EventType "swiss"]
[EventRounds "5"]
[EventCountry "NZL"]
[SourceDate "2015.09.19"]

1. e4 c5 2. Nf3 d6 3. d4 cxd4 4. Nxd4 Nf6 5. Nc3 e6 6. g3 Nc6 7. Bg2 Bd7 8.
Ndb5 Qb8 9. Bf4 Ne5 10. Bxe5 dxe5 11. Qd3 a6 12. Na3 b5 13. Ne2 Qc7 14. O-O b4
15. Nc4 Bb5 16. b3 Rd8 17. Qf3 Bxc4 18. bxc4 Qxc4 19. Rfd1 Rxd1+ 20. Rxd1 Bc5
21. Qd3 Qxd3 22. cxd3 Ng4 23. Rf1 Ke7 24. h3 Bxf2+ 25. Rxf2 Rc8 26. d4 exd4 27.
Nf4 d3 28. Nxd3 Nxf2 29. Kxf2 Rc2+ 30. Kf3 a5 31. Bf1 Rxa2 32. Be2 b3 33. Bd1
Rd2 34. Be2 b2 35. Nxb2 Rxb2 36. Ke3 Rxe2+ 37. Kxe2 Kd6 38. Kd3 Ke5 39. Kc4
Kxe4 40. Kb5 e5 0-1

[Event "North Shore Open-A"]
[Site "Devonport"]
[Date "2015.09.20"]
[Round "5.3"]
[White "Ang, Alphaeus Wei Ern"]
[Black "Milligan, Helen"]
[Result "0-1"]
[WhiteElo "2165"]
[BlackElo "2092"]
[PlyCount "90"]
[EventDate "2015.09.20"]
[EventType "swiss"]
[EventRounds "5"]
[EventCountry "NZL"]
[SourceDate "2015.09.19"]

1. d4 Nf6 2. c4 g6 3. Nc3 Bg7 4. e4 d6 5. Nf3 O-O 6. Be2 Nbd7 7. O-O e5 8. Be3
c6 9. dxe5 dxe5 10. Nd2 Qe7 11. a3 Nc5 12. Bxc5 Qxc5 13. b4 Qe7 14. Qc2 Be6 15.
Rad1 Rfd8 16. c5 a5 17. Na4 axb4 18. axb4 Rd4 19. Nb6 Ra2 20. Qc3 Raxd2 21.
Rxd2 Nxe4 22. Qe3 Nxd2 23. Ra1 h6 24. Ra8+ Kh7 25. h3 Qg5 26. Qa3 Rd8 27. Rxd8
Qxd8 28. Qa7 Qd4 29. Qxb7 Qxb4 30. Qxc6 Ne4 31. Na4 Qe1+ 32. Kh2 Qxe2 33. Qb7
Nxf2 34. Qf3 Qc2 35. Kg1 e4 36. Qxf2 Qxa4 37. Kh1 Bd4 38. Qf4 Qa1+ 39. Kh2 Be5
40. Qxe5 Qxe5+ 41. Kg1 e3 42. Kf1 Bc4+ 43. Kg1 e2 44. g3 e1=Q+ 45. Kh2 Q5e2#
0-1

[Event "North Shore Open-A"]
[Site "Devonport"]
[Date "2015.09.20"]
[Round "5.4"]
[White "Lyall, Simon"]
[Black "Post, Martin J"]
[Result "1/2-1/2"]
[WhiteElo "1808"]
[BlackElo "1918"]
[PlyCount "76"]
[EventDate "2015.09.20"]
[EventType "swiss"]
[EventRounds "5"]
[EventCountry "NZL"]
[SourceDate "2015.09.19"]

1. e4 d6 2. d4 c6 3. Nc3 g6 4. f4 e6 5. Nf3 Bg7 6. e5 d5 7. Be2 b5 8. Bd2 a5 9.
a3 Nh6 10. O-O Nd7 11. Be1 Nf5 12. Bf2 h5 13. h4 Qe7 14. Qd2 Nb6 15. b3 Ba6 16.
Nd1 Bb7 17. Nb2 O-O 18. Nd3 Nd7 19. Ng5 f6 20. Nf3 fxe5 21. Ndxe5 Nxe5 22. fxe5
Bh6 23. Ng5 b4 24. axb4 Bxg5 25. hxg5 Qxb4 26. Qxb4 axb4 27. g4 hxg4 28. Bxg4
Ra3 29. Bxf5 gxf5 30. Rxa3 bxa3 31. Ra1 Ra8 32. Ra2 Kg7 33. Be3 Kg6 34. Kf2 Kh5
35. Kg3 Bc8 36. Bc1 Bd7 37. Kf4 Kg6 38. Rxa3 Rxa3 1/2-1/2

[Event "North Shore Open-A"]
[Site "Devonport"]
[Date "2015.09.20"]
[Round "5.5"]
[White "Morrell, Gordon"]
[Black "Hart, Ralph"]
[Result "1/2-1/2"]
[WhiteElo "2092"]
[BlackElo "2253"]
[PlyCount "43"]
[EventDate "2015.09.20"]
[EventType "swiss"]
[EventRounds "5"]
[EventCountry "NZL"]
[SourceDate "2015.09.19"]

1. d4 Nf6 2. c4 c5 3. e3 e6 4. Nc3 d5 5. Nf3 Nc6 6. Bd3 dxc4 7. Bxc4 a6 8. a4
Be7 9. O-O cxd4 10. exd4 O-O 11. Re1 Nb4 12. Bg5 b6 13. Ne5 Ra7 14. Rc1 Rc7 15.
Bb3 Re8 16. Qe2 h6 17. Be3 Bf8 18. Rcd1 Bb7 19. d5 Rxc3 20. bxc3 Nbxd5 21. c4
Nc3 22. Rxd8 1/2-1/2